Haw To Be Beautiful (Record no. 1212630)

MARC details
000 -LEADER
fixed length control field 00475nam a2200193Ia 4500
008 - FIXED-LENGTH DATA ELEMENTS--GENERAL INFORMATION
fixed length control field 151121s9999||||xx |||||||||||||| ||und||
082 ## - DEWEY DECIMAL CLASSIFICATION NUMBER
Classification number 600/MON
082 ## - DEWEY DECIMAL CLASSIFICATION NUMBER
Item number HNW-4367
100 ## - MAIN ENTRY--PERSONAL NAME
Personal name Montaigne Marie
245 ## - TITLE STATEMENT
Title Haw To Be Beautiful
260 ## - PUBLICATION, DISTRIBUTION, ETC. (IMPRINT)
Name of publisher, distributor, etc "Harper & Brothers Pub, N।Y।"
260 ## - PUBLICATION, DISTRIBUTION, ETC. (IMPRINT)
Date of publication, distribution, etc --
300 ## - PHYSICAL DESCRIPTION
Extent 143
600 ## - SUBJECT ADDED ENTRY--PERSONAL NAME
Personal name Montaigne Marie
630 ## - SUBJECT ADDED ENTRY--UNIFORM TITLE
Uniform title Haw To Be Beautiful
700 ## - ADDED ENTRY--PERSONAL NAME
Personal name Montaigne Marie
730 ## - ADDED ENTRY--UNIFORM TITLE
Uniform title Haw To Be Beautiful
942 ## - ADDED ENTRY ELEMENTS (KOHA)
Koha item type Book
Holdings
Withdrawn status Lost status Damaged status Not for loan Home library Current library Date acquired Cost, normal purchase price Total Checkouts Full call number Barcode Date last seen Cost, replacement price Price effective from Koha item type
        Hirachand Nemchand Wachanalaya, Solapur Hirachand Nemchand Wachanalaya, Solapur 11/21/2015 145.00   HNW-4367 HNW-4367 11/21/2015 145.00 11/21/2015 Book